| 000 | 00462nam a22001457a 4500 | ||
|---|---|---|---|
| 999 |
_c10994 _d10994 |
||
| 008 | 161122b xxu||||| |||| 00| 0 eng d | ||
| 040 |
_aBSU _cBSU _dBSU |
||
| 082 |
_222 _a635.216POT |
||
| 245 |
_aPotato Seed Production for Tropical Africa _cedited by S. Nganga & F. Shideler |
||
| 260 |
_aPeru _bInternational Potato Center _c1982 |
||
| 300 |
_axv, 192p.; _bill. _c25cm |
||
| 650 |
_2Potato Growing _aSeeds Africa _921315 |
||
| 658 | _aAgriculture | ||
| 942 |
_2ddc _cBK |
||